[Event "64 Villalba CC op 10th"]
[Site "Collado Villalba ESP"]
[Date "2025.08.05"]
[Round "2.2"]
[White "Vega De Alba, Miguel"]
[Black "Roa Alonso, Santiago"]
[Result "0-1"]
[WhiteElo "1917"]
[BlackElo "2349"]
[WhiteFideId "-1"]
[BlackFideId "-1"]
[PlyCount "94"]
[GameId "2218357464371317"]
[EventDate "2025.08.04"]
[EventType "swiss"]
[EventRounds "9"]
[EventCountry "ESP"]
[SourceTitle "Ajedrez en Madrid"]
[Source "lmi"]
[SourceDate "2025.08.04"]
[SourceVersion "1"]
[SourceVersionDate "2025.12.11"]
[SourceQuality "1"]

1. Nf3 g6 2. g3 Bg7 3. d4 d6 4. Bg2 Nf6 5. O-O O-O 6. c4 Nbd7 7. Nc3 c6 8. e4 e5 9. Be3 Re8 10. h3 exd4 11. Nxd4 Nc5 12. Qc2 a5 13. Rad1 Nfd7 14. Rd2 a4 15. Rfd1 Qa5 16. Nde2 Ne5 17. Rxd6 Nxc4 18. Bxc5 Qxc5 19. Rd8 Qe7 20. Rxe8+ Qxe8 21. Nxa4 Rxa4 22. Qxa4 Nxb2 23. Qc2 Nxd1 24. Qxd1 Be6 25. Qc2 Qa8 26. a4 b5 27. axb5 cxb5 28. Nf4 Qa1+ 29. Kh2 Bc4 30. Nd5 Bd4 31. Qd2 Kg7 32. h4 h5 33. Ne3 Bxe3 34. Qxe3 b4 35. Qf4 Qd4 36. g4 Qf6 37. Qxf6+ Kxf6 38. gxh5 gxh5 39. Bf3 b3 40. Bd1 b2 41. Bc2 Ke5 42. Kg3 Kd4 43. Bb1 Bd3 44. Ba2 Bxe4 45. Kf4 f6 46. f3 b1=Q 47. Bxb1 Bxb1 0-1

[Event "64 Villalba CC op 10th"]
[Site "Collado Villalba ESP"]
[Date "2025.08.05"]
[Round "2.3"]
[White "Elissalt Cardenas, Hector"]
[Black "Mata Medina, Andres"]
[Result "1-0"]
[WhiteElo "2310"]
[BlackElo "1870"]
[WhiteFideId "-1"]
[BlackFideId "-1"]
[PlyCount "67"]
[GameId "2218375288537237"]
[EventDate "2025.08.04"]
[EventType "swiss"]
[EventRounds "9"]
[EventCountry "ESP"]
[SourceTitle "Ajedrez en Madrid"]
[Source "lmi"]
[SourceDate "2025.08.04"]
[SourceVersion "1"]
[SourceVersionDate "2025.12.11"]
[SourceQuality "1"]

1. d4 d5 2. c4 c6 3. cxd5 cxd5 4. Bf4 Nf6 5. e3 Nc6 6. Bd3 Bg4 7. Ne2 e6 8. Qb3 Bb4+ 9. Nbc3 O-O 10. Ng3 Nh5 11. Nxh5 Bxh5 12. O-O Bg6 13. Be2 Qd7 14. Na4 Rac8 15. Rfc1 Bd2 16. Nc5 Qe7 17. Qxb7 Qxb7 18. Nxb7 Bxc1 19. Rxc1 Nb4 20. Nc5 Nxa2 21. Ra1 Nb4 22. Bb5 a6 23. Bd7 Ra8 24. Bd6 Rfd8 25. Be7 Rxd7 26. Nxd7 Nc2 27. Ra5 Ra7 28. Rc5 h5 29. Rc8+ Kh7 30. Nf8+ Kh6 31. Bd6 Bd3 32. h4 g6 33. Be5 a5 34. Bf6 1-0

[Event "64 Villalba CC op 10th"]
[Site "Collado Villalba ESP"]
[Date "2025.08.05"]
[Round "2.4"]
[White "Rodriguez Del Pino, Daniel"]
[Black "Martinez Fernandez, Raul"]
[Result "0-1"]
[WhiteElo "1872"]
[BlackElo "2233"]
[WhiteFideId "-1"]
[BlackFideId "-1"]
[PlyCount "38"]
[GameId "2218376066125988"]
[EventDate "2025.08.04"]
[EventType "swiss"]
[EventRounds "9"]
[EventCountry "ESP"]
[SourceTitle "Ajedrez en Madrid"]
[Source "lmi"]
[SourceDate "2025.08.04"]
[SourceVersion "1"]
[SourceVersionDate "2025.12.11"]
[SourceQuality "1"]

1. e4 e5 2. Nf3 Nc6 3. Bc4 Nf6 4. Ng5 d5 5. exd5 Na5 6. Bb5+ c6 7. dxc6 bxc6 8. Bd3 Nd5 9. Nf3 Bd6 10. O-O O-O 11. Nc3 f5 12. Be2 e4 13. Ne1 Bxh2+ 14. Kxh2 Qh4+ 15. Kg1 Rf6 16. d3 f4 17. g3 Qh3 18. Ng2 Rh6 19. Nh4 Rxh4 0-1

[Event "64 Villalba CC op 10th"]
[Site "Collado Villalba ESP"]
[Date "2025.08.05"]
[Round "2.5"]
[White "Armesto Robledo, Sebastian Carlos"]
[Black "Centeno Mendoza, Julio Stefano"]
[Result "0-1"]
[WhiteElo "1867"]
[BlackElo "2118"]
[WhiteFideId "-1"]
[BlackFideId "-1"]
[PlyCount "70"]
[GameId "2218376934465774"]
[EventDate "2025.08.04"]
[EventType "swiss"]
[EventRounds "9"]
[EventCountry "ESP"]
[SourceTitle "Ajedrez en Madrid"]
[Source "lmi"]
[SourceDate "2025.08.04"]
[SourceVersion "1"]
[SourceVersionDate "2025.12.11"]
[SourceQuality "1"]

1. Nf3 d5 2. b3 Nf6 3. Bb2 e6 4. e3 c5 5. c4 Nc6 6. cxd5 exd5 7. d4 Bg4 8. Be2 Bxf3 9. Bxf3 cxd4 10. exd4 Bb4+ 11. Nd2 O-O 12. O-O Qa5 13. Nb1 Qb6 14. a3 Bd6 15. Nc3 Qxd4 16. Nb5 Qxb2 17. Nxd6 Nd4 18. Nxb7 Nxf3+ 19. Qxf3 Ne4 20. Qd3 Nxf2 21. Qxd5 Ng4 22. Rae1 Nf6 23. Qf3 Qxa3 24. Ra1 Qb4 25. Ra4 Qb6+ 26. Kh1 Rae8 27. Na5 Re3 28. Qf5 g6 29. Qb1 Re2 30. Qd3 Rfe8 31. Qd4 Qxd4 32. Rxd4 Ra2 33. h3 Nh5 34. b4 Ng3+ 35. Kg1 Ne2+ 0-1

[Event "64 Villalba CC op 10th"]
[Site "Collado Villalba ESP"]
[Date "2025.08.05"]
[Round "2.6"]
[White "Barahona Torrijos, Angel"]
[Black "Pastor Alonso De Prado, Alberto"]
[Result "0-1"]
[WhiteElo "1841"]
[BlackElo "2003"]
[WhiteFideId "-1"]
[BlackFideId "-1"]
[PlyCount "84"]
[GameId "2215592696455231"]
[EventDate "2025.08.04"]
[EventType "swiss"]
[EventRounds "9"]
[EventCountry "ESP"]
[SourceTitle "Ajedrez en Madrid"]
[Source "lmi"]
[SourceDate "2025.08.04"]
[SourceVersion "1"]
[SourceVersionDate "2025.12.11"]
[SourceQuality "1"]

1. d4 b6 2. e4 Bb7 3. Bd3 Nf6 4. Qe2 Nc6 5. c3 e5 6. Nf3 Bd6 7. d5 Ne7 8. Nbd2 c6 9. Nc4 Qc7 10. Nxd6+ Qxd6 11. c4 O-O 12. Bd2 cxd5 13. cxd5 Nexd5 14. exd5 e4 15. O-O exd3 16. Qxd3 Qxd5 17. Qxd5 Nxd5 18. Rfe1 Rfe8 19. Kf1 f6 20. Nd4 Ba6+ 21. Kg1 Kf7 22. f3 Rxe1+ 23. Rxe1 Re8 24. Rxe8 Kxe8 25. Nf5 Kf7 26. a4 Bd3 27. Ne3 Ne7 28. Kf2 d5 29. g4 d4 30. Ng2 Nc6 31. Ne1 Bc4 32. f4 Ke6 33. b4 a5 34. bxa5 bxa5 35. Nf3 Kd5 36. g5 Bb3 37. Nh4 Ke4 38. f5 Bxa4 39. g6 hxg6 40. fxg6 Bb3 41. Bc1 Ne5 42. Ba3 d3 0-1

[Event "64 Villalba CC op 10th"]
[Site "Collado Villalba ESP"]
[Date "2025.08.05"]
[Round "2.7"]
[White "Martin Consuegra, Barrilero Javier"]
[Black "Alvarez Lee, Felix"]
[Result "0-1"]
[WhiteElo "1813"]
[BlackElo "1967"]
[WhiteFideId "-1"]
[BlackFideId "-1"]
[PlyCount "78"]
[GameId "2218377911582973"]
[EventDate "2025.08.04"]
[EventType "swiss"]
[EventRounds "9"]
[EventCountry "ESP"]
[SourceTitle "Ajedrez en Madrid"]
[Source "lmi"]
[SourceDate "2025.08.04"]
[SourceVersion "1"]
[SourceVersionDate "2025.12.11"]
[SourceQuality "1"]

1. d4 Nf6 2. Nf3 e6 3. e3 b6 4. Bd3 Bb7 5. Nbd2 d5 6. b3 Ne4 7. Bb2 Nd7 8. a3 Bd6 9. Qe2 Ndf6 10. h3 Qe7 11. Ne5 a6 12. Ndf3 c5 13. O-O O-O 14. c4 Rfd8 15. Rfd1 a5 16. a4 Rac8 17. Rac1 Ne8 18. Ne1 f6 19. N5f3 g6 20. cxd5 exd5 21. Ba6 Bxa6 22. Qxa6 c4 23. bxc4 Nc7 24. Qb7 Re8 25. cxd5 Nxf2 26. Kxf2 Qxe3+ 27. Kf1 Qe2+ 28. Kg1 Qxb2 29. Rb1 Qe2 30. Qxb6 Bg3 31. Qxa5 Qf2+ 32. Kh1 Qf1+ 33. Ng1 Re2 34. Rd2 Rxe1 35. Rxe1 Bxe1 36. d6 Bxd2 37. d7 Rf8 38. Qxc7 Be3 39. Kh2 Bxg1+ 0-1

[Event "64 Villalba CC op 10th"]
[Site "Collado Villalba ESP"]
[Date "2025.08.05"]
[Round "2.8"]
[White "Lorenzo Martin, Hector"]
[Black "Del Olmo Linares, Marco"]
[Result "1-0"]
[WhiteElo "1930"]
[BlackElo "1766"]
[WhiteFideId "-1"]
[BlackFideId "-1"]
[PlyCount "49"]
[GameId "2218378878423308"]
[EventDate "2025.08.04"]
[EventType "swiss"]
[EventRounds "9"]
[EventCountry "ESP"]
[SourceTitle "Ajedrez en Madrid"]
[Source "lmi"]
[SourceDate "2025.08.04"]
[SourceVersion "1"]
[SourceVersionDate "2025.12.11"]
[SourceQuality "1"]

1. b3 d5 2. Bb2 Nc6 3. e3 e5 4. Bb5 Bd6 5. f4 Qe7 6. Nf3 f6 7. Nc3 Be6 8. fxe5 fxe5 9. e4 Nf6 10. exd5 Nxd5 11. Ne4 Bg4 12. O-O Bc5+ 13. Kh1 O-O-O 14. Bxc6 Ne3 15. Qe2 Nxf1 16. Bxb7+ Kxb7 17. Qb5+ Bb6 18. Nxe5 Bd7 19. Nxd7 Rxd7 20. Rxf1 c6 21. Qf5 g6 22. Qe5 Rf8 23. Rxf8 Qxf8 24. Qf6 Rf7 25. Qxf7+ 1-0

[Event "64 Villalba CC op 10th"]
[Site "Collado Villalba ESP"]
[Date "2025.08.05"]
[Round "2.10"]
[White "Rodriguez Melendez, Juan Humbert"]
[Black "Perez Gutierrez, Jose Antonio"]
[Result "1-0"]
[WhiteElo "2125"]
[BlackElo "1725"]
[WhiteFideId "-1"]
[BlackFideId "-1"]
[PlyCount "97"]
[GameId "2213597542822380"]
[EventDate "2025.08.04"]
[EventType "swiss"]
[EventRounds "9"]
[EventCountry "ESP"]
[SourceTitle "Ajedrez en Madrid"]
[Source "lmi"]
[SourceDate "2025.08.04"]
[SourceVersion "1"]
[SourceVersionDate "2025.12.11"]
[SourceQuality "1"]

1. Nf3 Nf6 2. b3 e6 3. g3 c5 4. Bg2 Nc6 5. O-O d5 6. d4 cxd4 7. Nxd4 Bc5 8. Bb2 O-O 9. a3 Nxd4 10. Bxd4 Bxd4 11. Qxd4 Bd7 12. c4 Bc6 13. Qc3 Rc8 14. Rd1 Qe7 15. c5 Bb5 16. Rc1 b6 17. b4 bxc5 18. bxc5 Bxe2 19. Nd2 Rc7 20. Rab1 Rfc8 21. Qa5 h6 22. Nb3 Bc4 23. Bf1 Bxb3 24. Rxb3 Rxc5 25. Rxc5 Qxc5 26. Rb5 Qc7 27. Qb4 Qc2 28. Qd4 Qc7 29. a4 Rb8 30. Rc5 Qb6 31. a5 Qb7 32. Qf4 Rc8 33. Rb5 Qc7 34. Qb4 Ne4 35. Rb7 Qc2 36. Qd4 Qd2 37. Qxa7 Rf8 38. Qb6 d4 39. Qb2 Rc8 40. Qxd2 Nxd2 41. a6 Nxf1 42. a7 Rc1 43. a8=Q+ Kh7 44. Kg2 d3 45. Rxf7 d2 46. Qe4+ Kg8 47. Qg6 Ne3+ 48. fxe3 Rg1+ 49. Kh3 1-0

[Event "64 Villalba CC op 10th"]
[Site "Collado Villalba ESP"]
[Date "2025.08.05"]
[Round "2.11"]
[White "Ezcurra Garzo, Adrian"]
[Black "Yaniz Lana, Francisco Javier"]
[Result "1-0"]
[WhiteElo "2065"]
[BlackElo "1670"]
[WhiteFideId "-1"]
[BlackFideId "-1"]
[PlyCount "83"]
[GameId "2218516354261939"]
[EventDate "2025.08.04"]
[EventType "swiss"]
[EventRounds "9"]
[EventCountry "ESP"]
[SourceTitle "Ajedrez en Madrid"]
[Source "lmi"]
[SourceDate "2025.08.04"]
[SourceVersion "1"]
[SourceVersionDate "2025.12.11"]
[SourceQuality "1"]

1. e4 c5 2. Nf3 Nc6 3. Bb5 g6 4. c3 Bg7 5. d4 cxd4 6. cxd4 Nf6 7. Nc3 a6 8. Bd3 O-O 9. h3 d6 10. Be3 b5 11. Qd2 e6 12. Bg5 Qb6 13. Qf4 Ne8 14. Qd2 f6 15. Be3 Qb7 16. O-O f5 17. exf5 exf5 18. a4 b4 19. Bc4+ Kh8 20. Ne2 Na5 21. Rac1 Nf6 22. Ng5 d5 23. Ba2 h6 24. Nf3 Ne4 25. Qe1 g5 26. Nd2 f4 27. Nxe4 fxe3 28. Nc5 exf2+ 29. Rxf2 Qe7 30. Rxf8+ Qxf8 31. Qxb4 Nc6 32. Qd2 Rb8 33. Bxd5 Nb4 34. Bf3 Bf5 35. Ng3 Bc8 36. Re1 a5 37. Bh5 Qd8 38. Re8+ Qxe8 39. Bxe8 Nd5 40. Bc6 Rxb2 41. Qxb2 Bxd4+ 42. Qxd4+ 1-0

[Event "64 Villalba CC op 10th"]
[Site "Collado Villalba ESP"]
[Date "2025.08.05"]
[Round "2.12"]
[White "Lopez de Turiso, Jose Angel"]
[Black "Rodriguez Sanchez, Juan Carlos"]
[Result "1-0"]
[WhiteElo "1975"]
[BlackElo "1781"]
[WhiteFideId "-1"]
[BlackFideId "-1"]
[PlyCount "49"]
[GameId "2218565372690523"]
[EventDate "2025.08.04"]
[EventType "swiss"]
[EventRounds "9"]
[EventCountry "ESP"]
[SourceTitle "Ajedrez en Madrid"]
[Source "lmi"]
[SourceDate "2025.08.04"]
[SourceVersion "1"]
[SourceVersionDate "2025.12.11"]
[SourceQuality "1"]

1. d4 d5 2. c4 e6 3. cxd5 exd5 4. Nc3 c6 5. Bf4 Bd6 6. Bxd6 Qxd6 7. e3 Nf6 8. Bd3 O-O 9. Qc2 Re8 10. Nge2 b6 11. h3 Ba6 12. O-O Bxd3 13. Qxd3 Nbd7 14. Rae1 c5 15. dxc5 bxc5 16. b3 Ne5 17. Qc2 Rac8 18. Rd1 Qc6 19. Rd2 Red8 20. Rfd1 Rd7 21. Qf5 Qe6 22. Ng3 Qxf5 23. Nxf5 a6 24. Nxd5 Ne4 25. Nde7+ 1-0

[Event "64 Villalba CC op 10th"]
[Site "Collado Villalba ESP"]
[Date "2025.08.05"]
[Round "2.13"]
[White "Gutierrez Diaz, Pablo"]
[Black "Anton Sanz, Jose Carlos"]
[Result "1-0"]
[WhiteElo "2023"]
[BlackElo "1625"]
[WhiteFideId "-1"]
[BlackFideId "-1"]
[PlyCount "39"]
[GameId "2218608974471531"]
[EventDate "2025.08.04"]
[EventType "swiss"]
[EventRounds "9"]
[EventCountry "ESP"]
[SourceTitle "Ajedrez en Madrid"]
[Source "lmi"]
[SourceDate "2025.08.04"]
[SourceVersion "1"]
[SourceVersionDate "2025.12.11"]
[SourceQuality "1"]

1. e4 e6 2. d4 d5 3. Bd3 c5 4. c3 Nc6 5. Nf3 cxd4 6. cxd4 dxe4 7. Bxe4 Bb4+ 8. Nc3 Nf6 9. Bc2 O-O 10. O-O h6 11. Bf4 Bd6 12. Bg3 Nb4 13. Bb1 Nbd5 14. Ne5 Qb6 15. Nc4 Qc6 16. Nxd5 Qxd5 17. Nxd6 Rd8 18. Nxc8 Raxc8 19. Bc2 Rc4 20. Bb3 1-0

[Event "64 Villalba CC op 10th"]
[Site "Collado Villalba ESP"]
[Date "2025.08.05"]
[Round "2.14"]
[White "De Juan Huarte, Federico"]
[Black "Camarero Izquierdo, Juan Carlos"]
[Result "0-1"]
[WhiteElo "1597"]
[BlackElo "1806"]
[WhiteFideId "-1"]
[BlackFideId "-1"]
[PlyCount "44"]
[GameId "2219497304358952"]
[EventDate "2025.08.04"]
[EventType "swiss"]
[EventRounds "9"]
[EventCountry "ESP"]
[SourceTitle "Ajedrez en Madrid"]
[Source "lmi"]
[SourceDate "2025.08.04"]
[SourceVersion "1"]
[SourceVersionDate "2025.12.11"]
[SourceQuality "1"]

1. e4 c5 2. Nf3 d6 3. d4 cxd4 4. Nxd4 Nf6 5. Nc3 a6 6. Bc4 e6 7. Bg5 Nbd7 8. O-O b5 9. Be2 Bb7 10. Re1 Qc7 11. f3 Rc8 12. Kh1 b4 13. Na4 Qa5 14. Bxf6 Nxf6 15. b3 Qc7 16. Rc1 d5 17. e5 Nd7 18. f4 Nc5 19. Nxc5 Bxc5 20. f5 Bxd4 21. Qxd4 exf5 22. Qxb4 Qe7 0-1

[Event "64 Villalba CC op 10th"]
[Site "Collado Villalba ESP"]
[Date "2025.08.05"]
[Round "2.15"]
[White "Alvarez Guerrero, Dylan"]
[Black "Candeleda Mayoral, Ramon"]
[Result "1-0"]
[WhiteElo "1800"]
[BlackElo "1620"]
[WhiteFideId "-1"]
[BlackFideId "-1"]
[PlyCount "95"]
[GameId "2219500191469641"]
[EventDate "2025.08.04"]
[EventType "swiss"]
[EventRounds "9"]
[EventCountry "ESP"]
[SourceTitle "Ajedrez en Madrid"]
[Source "lmi"]
[SourceDate "2025.08.04"]
[SourceVersion "1"]
[SourceVersionDate "2025.12.11"]
[SourceQuality "1"]

1. d4 Nf6 2. Bf4 d5 3. Nf3 c5 4. e3 Nc6 5. c3 Bg4 6. Nbd2 e6 7. h3 Bh5 8. g4 Bg6 9. Ne5 Bd6 10. h4 h6 11. Nxg6 fxg6 12. Bxd6 Qxd6 13. Bd3 Kf7 14. f4 cxd4 15. cxd4 Nb4 16. Bb1 Qa6 17. Nb3 b6 18. a3 Nc6 19. Bd3 Qa4 20. O-O Ne7 21. Bc2 Qb5 22. Nc1 Qxb2 23. Nd3 Qc3 24. Ne5+ Kg8 25. Qe2 Ne4 26. Rfc1 Qd2 27. Qxd2 Nxd2 28. Rd1 Ne4 29. Bxe4 dxe4 30. Rac1 Kh7 31. Rc2 Nd5 32. Kf2 Rac8 33. Rdc1 Ne7 34. Nf7 Rxc2+ 35. Rxc2 Rc8 36. Rxc8 Nxc8 37. Nd8 Nd6 38. Nxe6 Kg8 39. Ke2 Kf7 40. Nc7 Ke7 41. a4 Kd7 42. Nb5 Nxb5 43. axb5 Kd6 44. Kd2 Kd7 45. Kc3 Kd6 46. Kc4 Ke6 47. d5+ Kd6 48. Kd4 1-0

[Event "64 Villalba CC op 10th"]
[Site "Collado Villalba ESP"]
[Date "2025.08.05"]
[Round "2.16"]
[White "Lopez Pereira, Irene"]
[Black "De Luna Butz, Alberto"]
[Result "0-1"]
[WhiteElo "1507"]
[BlackElo "1789"]
[WhiteFideId "-1"]
[BlackFideId "-1"]
[PlyCount "84"]
[GameId "2219504615088218"]
[EventDate "2025.08.04"]
[EventType "swiss"]
[EventRounds "9"]
[EventCountry "ESP"]
[SourceTitle "Ajedrez en Madrid"]
[Source "lmi"]
[SourceDate "2025.08.04"]
[SourceVersion "1"]
[SourceVersionDate "2025.12.11"]
[SourceQuality "1"]

1. e4 d5 2. exd5 Qxd5 3. Nc3 Qd6 4. d4 Nf6 5. Nf3 a6 6. g3 b5 7. Bg2 Bb7 8. O-O e6 9. Bf4 Qb6 10. Re1 Be7 11. d5 Nxd5 12. Nxd5 Bxd5 13. Ne5 Bxg2 14. Kxg2 Qb7+ 15. Qf3 Qxf3+ 16. Kxf3 Bd6 17. Nd3 Nd7 18. Be3 Ne5+ 19. Nxe5 Bxe5 20. c3 O-O-O 21. Bb6 Bxc3 22. Bxc7 Bxb2 23. Bxd8 Bxa1 24. Rxa1 Rxd8 25. Rc1+ Kb7 26. Ke4 Kb6 27. Rc2 a5 28. Rb2 b4 29. a3 Kb5 30. axb4 axb4 31. Rb3 Rd7 32. Ke3 Kc4 33. Rb1 b3 34. Rc1+ Kb4 35. Rb1 Rd5 36. h4 h5 37. f4 g6 38. Ke4 Rd2 39. Ke3 Rg2 40. Kf3 Rd2 41. Ke4 b2 42. Rxb2+ Rxb2 0-1

[Event "64 Villalba CC op 10th"]
[Site "Collado Villalba ESP"]
[Date "2025.08.05"]
[Round "2.17"]
[White "Munoz Saenz, Alfredo"]
[Black "Dorado Gregorio, Javier"]
[Result "1-0"]
[WhiteElo "1789"]
[BlackElo "1617"]
[WhiteFideId "-1"]
[BlackFideId "-1"]
[PlyCount "59"]
[GameId "2219545466114131"]
[EventDate "2025.08.04"]
[EventType "swiss"]
[EventRounds "9"]
[EventCountry "ESP"]
[SourceTitle "Ajedrez en Madrid"]
[Source "lmi"]
[SourceDate "2025.08.04"]
[SourceVersion "1"]
[SourceVersionDate "2025.12.11"]
[SourceQuality "1"]

1. Nc3 d5 2. d4 Bf5 3. Nf3 e6 4. Bf4 a6 5. a3 Nf6 6. h3 Be7 7. e3 Nbd7 8. Nh4 Ne4 9. Nxf5 exf5 10. Nxd5 Bd6 11. Bxd6 Nxd6 12. Nc3 Qg5 13. Qf3 c6 14. Bd3 g6 15. O-O O-O 16. e4 fxe4 17. Nxe4 Nxe4 18. Bxe4 Rfe8 19. Rfe1 Re6 20. d5 cxd5 21. Bxd5 Rf6 22. Qe4 Rf4 23. Qe3 Nf6 24. Bf3 Re8 25. Qd3 Rxe1+ 26. Rxe1 Rh4 27. Bxb7 Nh5 28. Qc3 h6 29. Re8+ Kh7 30. Rh8# 1-0

[Event "64 Villalba CC op 10th"]
[Site "Collado Villalba ESP"]
[Date "2025.08.05"]
[Round "2.18"]
[White "Rajadel Rebollido, Thalia"]
[Black "Mi, Mengma"]
[Result "1-0"]
[WhiteElo "1769"]
[BlackElo "1542"]
[WhiteFideId "-1"]
[BlackFideId "-1"]
[PlyCount "61"]
[GameId "2219553376600164"]
[EventDate "2025.08.04"]
[EventType "swiss"]
[EventRounds "9"]
[EventCountry "ESP"]
[SourceTitle "Ajedrez en Madrid"]
[Source "lmi"]
[SourceDate "2025.08.04"]
[SourceVersion "1"]
[SourceVersionDate "2025.12.11"]
[SourceQuality "1"]

1. e4 Nf6 2. e5 Nd5 3. c4 Nb6 4. d4 d6 5. exd6 cxd6 6. Nf3 g6 7. Nc3 Bg7 8. h3 Bf5 9. Be2 N6d7 10. g4 Be6 11. d5 Bxd5 12. Nxd5 e6 13. Ne3 Qb6 14. Qc2 Qa5+ 15. Bd2 Qb6 16. O-O Qxb2 17. Qxb2 Bxb2 18. Rab1 Bg7 19. Rxb7 Nb6 20. Ba5 Nc6 21. Bxb6 axb6 22. Rxb6 Rxa2 23. Rxc6 Rxe2 24. Rxd6 Ke7 25. Rfd1 Ra8 26. Rd7+ Ke8 27. c5 Bh6 28. g5 Bf8 29. c6 Rb2 30. Ng4 Rc8 31. Nf6# 1-0

[Event "64 Villalba CC op 10th"]
[Site "Collado Villalba ESP"]
[Date "2025.08.05"]
[Round "2.19"]
[White "Aguilar Alvarez, Christoph Sebastian"]
[Black "Escribano Santiago, Ignacio"]
[Result "1/2-1/2"]
[WhiteElo "1734"]
[BlackElo "1492"]
[WhiteFideId "-1"]
[BlackFideId "-1"]
[PlyCount "70"]
[GameId "2219709956239525"]
[EventDate "2025.08.04"]
[EventType "swiss"]
[EventRounds "9"]
[EventCountry "ESP"]
[SourceTitle "Ajedrez en Madrid"]
[Source "lmi"]
[SourceDate "2025.08.04"]
[SourceVersion "1"]
[SourceVersionDate "2025.12.11"]
[SourceQuality "1"]

1. e4 e5 2. Nf3 Nc6 3. d4 exd4 4. Bc4 Nf6 5. e5 d5 6. Bb5 Ne4 7. Nxd4 Bd7 8. Nxc6 bxc6 9. Bd3 Nc5 10. O-O Nxd3 11. cxd3 d4 12. Bf4 Be6 13. Nd2 g5 14. Bg3 h5 15. f4 h4 16. Be1 h3 17. g3 gxf4 18. Rxf4 Bh6 19. Rf1 Be3+ 20. Bf2 Qd5 21. Qf3 Bxd2 22. Qxd5 Bxd5 23. Bxd4 Be6 24. Rad1 Ba5 25. Be3 Bb6 26. d4 Rd8 27. a3 Rd5 28. Rf4 c5 29. b4 cxd4 30. Bxd4 Ke7 31. Kf2 Rhd8 32. Ke3 Rxe5+ 33. Kf3 Red5 34. Bf6+ Ke8 35. Rh4 Rf5+ 1/2-1/2

[Event "64 Villalba CC op 10th"]
[Site "Collado Villalba ESP"]
[Date "2025.08.05"]
[Round "2.20"]
[White "Pan, Angel Jiaye"]
[Black "Hewitt Alonso, Lucas"]
[Result "1/2-1/2"]
[WhiteElo "1634"]
[BlackElo "1475"]
[WhiteFideId "-1"]
[BlackFideId "-1"]
[PlyCount "110"]
[GameId "2219713330262199"]
[EventDate "2025.08.04"]
[EventType "swiss"]
[EventRounds "9"]
[EventCountry "ESP"]
[SourceTitle "Ajedrez en Madrid"]
[Source "lmi"]
[SourceDate "2025.08.04"]
[SourceVersion "1"]
[SourceVersionDate "2025.12.11"]
[SourceQuality "1"]

1. d4 Nf6 2. Nf3 d5 3. e3 g6 4. Be2 Bg7 5. O-O O-O 6. Nbd2 Nc6 7. b3 Bf5 8. a3 Re8 9. Ne5 Nxe5 10. dxe5 Ne4 11. Bb2 c6 12. g4 Nxd2 13. Qxd2 Be6 14. f4 Qd7 15. f5 gxf5 16. g5 Qc7 17. Qd4 c5 18. Qf4 Rad8 19. Bd3 Qd7 20. Rf3 b5 21. Rd1 c4 22. Be2 Qc7 23. bxc4 dxc4 24. Bd4 Qa5 25. e4 fxe4 26. Rg3 Rf8 27. h4 Rd5 28. Qxe4 Rfd8 29. g6 fxg6 30. h5 Rxd4 31. Rxd4 Rxd4 32. Qxd4 Qe1+ 33. Kg2 Qxe2+ 34. Qf2 Qxf2+ 35. Kxf2 Bxe5 36. Rg5 Bf4 37. Rxb5 gxh5 38. Rxh5 Bd6 39. a4 Bc7 40. Rh6 Bd7 41. Rh4 Bb6+ 42. Ke1 Bxa4 43. Rxc4 Bb5 44. Rg4+ Kf8 45. Rh4 Bd7 46. Rxh7 Bf5 47. Rh2 a5 48. Rh6 Bc7 49. Rc6 Bg3+ 50. Kd2 Bf4+ 51. Kc3 Bd6 52. Ra6 Bb4+ 53. Kb2 Bd7 54. c3 Bd6 55. Rxa5 Ke8 1/2-1/2

[Event "64 Villalba CC op 10th"]
[Site "Collado Villalba ESP"]
[Date "2025.08.06"]
[Round "3.1"]
[White "Centeno Mendoza, Julio Stefano"]
[Black "Ubilava, Elizbar"]
[Result "1/2-1/2"]
[WhiteElo "2118"]
[BlackElo "2375"]
[WhiteFideId "-1"]
[BlackFideId "-1"]
[PlyCount "57"]
[GameId "2236917765427567"]
[EventDate "2025.08.04"]
[EventType "swiss"]
[EventRounds "9"]
[EventCountry "ESP"]
[SourceTitle "Ajedrez en Madrid"]
[Source "lmi"]
[SourceDate "2025.08.04"]
[SourceVersion "1"]
[SourceVersionDate "2025.12.11"]
[SourceQuality "1"]

1. e4 c6 2. Nc3 d5 3. Nf3 Bg4 4. h3 Bxf3 5. Qxf3 e6 6. d4 Nf6 7. Be2 dxe4 8. Qe3 Bb4 9. O-O Bxc3 10. bxc3 O-O 11. Qg3 Kh8 12. f3 exf3 13. Rxf3 Nbd7 14. Bd3 Qa5 15. Bd2 Ng8 16. Raf1 f5 17. Qe1 Qd5 18. Rf4 b5 19. Qe2 Nb6 20. Rh4 Nc4 21. Bg5 Nf6 22. Re1 h6 23. Qxe6 Qxe6 24. Rxe6 Ne4 25. Bxh6 gxh6 26. Rhxh6+ Kg7 27. Rhg6+ Kf7 28. Bxe4 fxe4 29. Rgf6+ 1/2-1/2

[Event "64 Villalba CC op 10th"]
[Site "Collado Villalba ESP"]
[Date "2025.08.06"]
[Round "3.2"]
[White "Roa Alonso, Santiago"]
[Black "Pastor Alonso De Prado, Alberto"]
[Result "1-0"]
[WhiteElo "2349"]
[BlackElo "2003"]
[WhiteFideId "-1"]
[BlackFideId "-1"]
[PlyCount "75"]
[GameId "2215593699487870"]
[EventDate "2025.08.04"]
[EventType "swiss"]
[EventRounds "9"]
[EventCountry "ESP"]
[SourceTitle "Ajedrez en Madrid"]
[Source "lmi"]
[SourceDate "2025.08.04"]
[SourceVersion "1"]
[SourceVersionDate "2025.12.11"]
[SourceQuality "1"]

1. c4 e6 2. d4 b6 3. Nc3 Bb7 4. a3 g6 5. e4 Bg7 6. Nf3 d6 7. Bg5 Ne7 8. Qd2 h6 9. Be3 Nd7 10. Bd3 a6 11. O-O-O Kf8 12. Qe2 Kg8 13. h3 c5 14. Bc2 Qc7 15. Qd2 Rd8 16. d5 e5 17. a4 f6 18. h4 Kf7 19. Kb1 Rb8 20. Ng1 g5 21. Nf3 b5 22. cxb5 Nb6 23. Qe2 axb5 24. Nxb5 Qd7 25. hxg5 fxg5 26. Bxg5 hxg5 27. Nxg5+ Kg6 28. Ne6 Ba6 29. Qe3 Bf6 30. Rxh8 Rxh8 31. Nbc7 Qc8 32. f4 exf4 33. Qxf4 Be5 34. Qg5+ Kf7 35. Nxa6 Qxa6 36. Bd3 Qc8 37. Rf1+ Ke8 38. Bb5+ 1-0